Govt. of
Madhya Pradesh

The Bhila Of Rajasthan (Record no. 14938)

MARC details
000 -LEADER
fixed length control field 004720000a22001930004500
001 - CONTROL NUMBER
control field 003032
003 - CONTROL NUMBER IDENTIFIER
control field MACL
005 - DATE AND TIME OF LATEST TRANSACTION
control field 20150707151750.0
008 - FIXED-LENGTH DATA ELEMENTS--GENERAL INFORMATION
fixed length control field 150707b xxu||||| |||| 00| 0 eng d
040 ## - CATALOGING SOURCE
Original cataloging agency MACL
Transcribing agency MACL
041 ## - LANGUAGE CODE
Language code of text/sound track or separate title English
082 ## - DEWEY DECIMAL CLASSIFICATION NUMBER
Classification number 307/SAX
100 ## - MAIN ENTRY--PERSONAL NAME
Personal name Saxena, L.K.L.
9 (RLIN) 1216
245 ## - TITLE STATEMENT
Title The Bhila Of Rajasthan
Statement of responsibility, etc. L.K.L. Saxena
260 ## - PUBLICATION, DISTRIBUTION, ETC. (IMPRINT)
Place of publication, distribution, etc. Jodhpur
Date of publication, distribution, etc. 2000
Name of publisher, distributor, etc. Books Treasure,
350 ## - PRICE (NR) (BK AM CF MU VM SE) [OBSOLETE]
Price 250
650 ## - SUBJECT ADDED ENTRY--TOPICAL TERM
Topical term or geographic name as entry element Social Science
9 (RLIN) 1217
942 ## - ADDED ENTRY ELEMENTS (KOHA)
Call number prefix 307
Koha item type Books
Source of classification or shelving scheme
Holdings
Withdrawn status Lost status Source of classification or shelving scheme Damaged status Not for loan Home library Current library Date acquired Cost, normal purchase price Total Checkouts Full call number Barcode Date last seen Uniform Resource Identifier Price effective from Koha item type
          MACL MACL 15/04/2015 250.00   307/SAX CRE014369 02/05/2024 14827 15/04/2015 Books